Estudios de lengua y cultura amerindias tomo 1

Un salto cualitativo acaba de producirse en nuestra estólida comprensión occidental de los mundo y sociedades de los otros, de los desheredados. Las Actas que publicamos aquí, apenas pocos meses después del Congreso que las motivó son el aval de que no hablo a humo de pajas. Que unas jornadas sobre...

詳細記述

書誌詳細
その他の著者: Calvo Pérez, Julio (編集者)
フォーマット: 図書
言語:Spanish
主題:

MARC

LEADER 00000nam a2200000 a 4500
003 Ucuenca
005 20230308221448.0
008 016033|1994 sp |||||r|||||||||||spa||
020 |a 84-370-1547-2 
040 |b spa 
041 0 |a es 
082 0 |a 498 
245 |a Estudios de lengua y cultura amerindias  |c Editor Julio Calvo Pérez  |h imp  |n tomo 1 
264 |a Valencia  |b Universidad de Valencia  |c 1994 
300 |a 351 páginas:  |c 24.5 cm 
504 |a incl. ref. 
520 3 |a Un salto cualitativo acaba de producirse en nuestra estólida comprensión occidental de los mundo y sociedades de los otros, de los desheredados. Las Actas que publicamos aquí, apenas pocos meses después del Congreso que las motivó son el aval de que no hablo a humo de pajas. Que unas jornadas sobre pueblos y las culturas, la historia y el denominador común que auna todo el variadísimo espectro, las lenguas de los indios de Latino-América, despierten el interés de un gran número de estudiantes. 
650 0 |a Lenguas nativas sudamericanas  |9 206900 
700 1 |a Calvo Pérez, Julio  |e editor  |9 124917 
852 |a UC-CDJBV  |f Donación  |l 1  |m General  |p 20160331  |q 3.00  |r 2  |t si12234  |b 0  |d CDRC  |e CDRC  |g 498 ESTANTERIA CERRADA  |z 2016-60-33 
856 |a http://sibuc.ucuenca.edu.ec/portada/si12234-cdj.jpg 
942 |c BK  |2 ddc  |r erika.penafielv@ucuenca.edu.ec 
999 |c 137040  |d 137040